<?xml version="1.0" encoding="UTF-8"?>
<record
    xmlns:xsi="http://www.w3.org/2001/XMLSchema-instance"
    xsi:schemaLocation="http://www.loc.gov/MARC21/slim http://www.loc.gov/standards/marcxml/schema/MARC21slim.xsd"
    xmlns="http://www.loc.gov/MARC21/slim">

  <leader>01623nam a2200301 a 4500</leader>
  <controlfield tag="001">BRCA_5132</controlfield>
  <controlfield tag="005">20190320204943.0</controlfield>
  <controlfield tag="008">191110m1853----mx-######v---#000-0#spa-#</controlfield>
  <datafield tag="041" ind1=" " ind2=" ">
    <subfield code="a">spa</subfield>
  </datafield>
  <datafield tag="044" ind1=" " ind2=" ">
    <subfield code="a">mx</subfield>
  </datafield>
  <datafield tag="084" ind1=" " ind2=" ">
    <subfield code="a">DOC105</subfield>
    <subfield code="b">.A77</subfield>
    <subfield code="c">1853</subfield>
  </datafield>
  <datafield tag="100" ind1="1" ind2=" ">
    <subfield code="a">Arroyo, Jos&#xE9; Miguel</subfield>
    <subfield code="c">Secretario de Relaciones Exteriores</subfield>
    <subfield code="d">1810?-1875</subfield>
    <subfield code="9">13102</subfield>
  </datafield>
  <datafield tag="245" ind1="1" ind2="0">
    <subfield code="a">Documento firmado por Miguel Arroyo</subfield>
    <subfield code="c">Miguel Arroyo, Jos&#xE9; L&#xF3;pez Uraga.</subfield>
  </datafield>
  <datafield tag="260" ind1=" " ind2=" ">
    <subfield code="a">M&#xE9;xico</subfield>
    <subfield code="c">1853</subfield>
  </datafield>
  <datafield tag="300" ind1=" " ind2=" ">
    <subfield code="a">[2] fojas</subfield>
    <subfield code="c">27 x 21 cm</subfield>
  </datafield>
  <datafield tag="500" ind1=" " ind2=" ">
    <subfield code="a">Documento firmado el 28 de marzo de 1853</subfield>
  </datafield>
  <datafield tag="500" ind1=" " ind2=" ">
    <subfield code="a">Don Miguel Arroyo comunica al Oficial Mayor de Ministerio de Hacienda por haber nombrado a Don Jos&#xE9; L&#xF3;pez Uraga enviado extraordinario y Ministro Plenipotensario cerca de S.M.C. cesado en el cargo de negocios de la Rep&#xFA;blica en la misma corte Don Eduardo Goroztiza y se pide entregar a su ponderado Don Vicente Goroztiza el dinero necesario para el regreso del mismo</subfield>
  </datafield>
  <datafield tag="500" ind1=" " ind2=" ">
    <subfield code="a">El documento contiene la leyenda DOC. #269</subfield>
  </datafield>
  <datafield tag="500" ind1=" " ind2=" ">
    <subfield code="a">Al margen: MINISTRO DE RELACIONES INTERIORES Y EXTERIORES</subfield>
  </datafield>
  <datafield tag="500" ind1=" " ind2=" ">
    <subfield code="a">Estado de conservaci&#xF3;n: contiene dobleces y rotura la primera foja</subfield>
  </datafield>
  <datafield tag="506" ind1="0" ind2=" ">
    <subfield code="a">Fondo reservado: para su consulta es necesario credencial de usuario y carta de motivos</subfield>
  </datafield>
  <datafield tag="546" ind1=" " ind2=" ">
    <subfield code="a">Texto en: espa&#xF1;ol de mediados del siglo XIX</subfield>
  </datafield>
  <datafield tag="600" ind1="1" ind2="4">
    <subfield code="a">Arroyo, Jos&#xE9; Miguel</subfield>
    <subfield code="c">Secretario de Relaciones Exteriores</subfield>
    <subfield code="d">1810?-1875</subfield>
    <subfield code="9">13102</subfield>
  </datafield>
  <datafield tag="650" ind1="1" ind2="4">
    <subfield code="a">Relaciones internacionales</subfield>
    <subfield code="v">Manuscrito</subfield>
    <subfield code="x">Historia</subfield>
    <subfield code="y">Federalismo y centralismo, 1824-1853</subfield>
    <subfield code="z">M&#xE9;xico</subfield>
    <subfield code="9">13103</subfield>
  </datafield>
  <datafield tag="700" ind1="1" ind2=" ">
    <subfield code="a">L&#xF3;pez Uraga, Jos&#xE9;</subfield>
    <subfield code="c">Militar</subfield>
    <subfield code="f">1810-1885</subfield>
    <subfield code="9">13104</subfield>
  </datafield>
  <datafield tag="902" ind1=" " ind2=" ">
    <subfield code="a">FDH</subfield>
  </datafield>
  <datafield tag="942" ind1=" " ind2=" ">
    <subfield code="2">lcc</subfield>
    <subfield code="c">D</subfield>
  </datafield>
  <datafield tag="999" ind1=" " ind2=" ">
    <subfield code="c">4826</subfield>
    <subfield code="d">4826</subfield>
  </datafield>
  <datafield tag="952" ind1=" " ind2=" ">
    <subfield code="0">0</subfield>
    <subfield code="1">0</subfield>
    <subfield code="4">0</subfield>
    <subfield code="7">0</subfield>
    <subfield code="a">BRCA</subfield>
    <subfield code="b">BRCA</subfield>
    <subfield code="d">2010-11-19</subfield>
    <subfield code="l">0</subfield>
    <subfield code="o">DOC105 .A77 1853</subfield>
    <subfield code="p">5476</subfield>
    <subfield code="r">2019-03-22 00:00:00</subfield>
    <subfield code="w">2019-03-22</subfield>
    <subfield code="y">D</subfield>
  </datafield>
</record>
